Statistiken für Elder Scrolls Quiz

Klicken Sie hier um das Quiz zu spielen!

Allgemein

  • Dieses Quiz wurde 37 mal gespielt
  • Das Durchschnittsergebnis liegt bei 18 aus 50

Antwortstatistiken

BeschreibungAntwort% Korrekt
Weltenfresser, Erstgeborener von AkatoshAlduin
91%
Jarl von WindhelmUlfric Sturmmantel
76%
Großmeisterin der KlingenDelphine
70%
Das erste DrachenblutMiraak
67%
Kaiserlicher GeneralTullius
67%
Sohn des KaisersMartin Septim
61%
Bürgerlicher Name von TalosTiber Septim
61%
Chronist der KlingenEsbern
58%
Höchster der Neun GöttlichenAkatosh
55%
Daedrischer Prinz der ZerstörungMehrunes Dagon
55%
Daedrischer Prinz der DämmerungAzura
52%
KaiserUriel Septim
52%
Sprecher der GraubärteArngeir
45%
Sprecher der Dunklen BruderschaftLucien Lachance
45%
Anführer der GraubärtePaarthurnax
45%
Anführer der DämmerwachtIsran
42%
König der WürmerMannimarco
42%
Hund von Clavicus VileBarbas
39%
Großmeister der KlingenJauffre
39%
Heilende Mutter des TribunalsAlmalexia
36%
Patriarch des Volkihar-ClansHarkon
36%
Daedrischer Prinz der OrdnungJyggalag
36%
Tochter der RiesenLyris Titanenkind
36%
Magus des TribunalsSotha Sil
36%
Kriegerpoet des TribunalsVivec
36%
Rothwardonisches Mitglied der KlingenBaurus
30%
Lord des Sechsten HausesDagoth Ur
30%
Sheogoraths KämmererHaskill
30%
Mond-und-SternIndoril Nerevar
30%
Eisriese von SolstheimKarstaag
30%
Meisterschwertkämpfer der Abtei der KlingenSai Sahan
30%
Erster menschlicher Herrscher HimmelsrandsYsgramor
27%
Kanzler des ÄltestenratsAbnur Tharn
24%
Identität des GraufuchsesCorvus Umbranox
24%
Großmeister der KlingenCaius Cosades
21%
Anführer der Mythischen MorgenröteMancar Camoran
21%
Erzmagier und Gründer der MagiergildeVanus Galerion
21%
Identität des ProphetenVaren Aquilarios
21%
König von MorrowindHlaalu Helseth
18%
Anführer der Frostfalter-LegionFalx Carius
15%
Ritenmeister des Psijic-OrdensIachesis
15%
Großmeister der DiebesgildeJim Stacey
15%
Anführerin der KriegergildeSieht-Alle-Farben
15%
Ashkhan der UrshilakuSul-Matuul
15%
Grauer Prinz, Champion der ArenaAgronak gro-Malog
12%
Mitglied der Abtrünnigen PriesterMehra Milo
12%
Anführer der SkaalTharsten Herzfang
12%
Anführerin der DiebesgildeZeyra
12%
Weise Frau der UrshilakuNibani Maesa
9%
Azuras ChampionSeryn
9%

Verteilung der Resultate

Perzentil nach korrekt beantworteten Fragen

Anzahl Personen mit jedem Resultat

Ihre Resultats-Entwicklung

Sie haben dieses Quiz noch nicht gespielt